000 00322nam a22001457a 4500
003 SGT
020 _a81-8182-021-5
082 _a615.53
_bD17M
100 _aMISHRA, LAL.BANWARI
245 _aDRAVYAGUNA HASTAMALAK
260 _aJAIPUR
_bSARAN BOOK DIPO
_c2017
300 _a539
650 _aAYURVEDA
942 _2ddc
_cBK
_03
999 _c16619
_d16619